Developments in Malaysia law : essays to commemorate the Twentieth Unniversary of the faculty of law,University of Malaysia

Bibliographic Details
Format: Book
Published: Petaling Jaya : Pelanduk Publications , 1992
Subjects:

MARC

LEADER 00000cam a2200000 7i4500
001 0000004655
002 000005020
005 20000330.0
020 |a 9679784002 
090 0 0 |a 349.595   |b DEV 
245 0 0 |a Developments in Malaysia law :   |b essays to commemorate the Twentieth Unniversary of the faculty of law,University of Malaysia 
260 |a Petaling Jaya :   |b Pelanduk Publications ,   |c 1992 
300 |a 476p. ;   |c 23cm. 
610 2 0 |a University of Malaya   |x History 
650 0 0 |a Law   |z Malaysia 
999 |a 032644   |b BUKU   |c MALAYSIANA   |e PERPUSTAKAAN KOMUNITI PETALING JAYA 
999 |a 032645   |b BUKU   |c RUJUKAN   |e PERPUSTAKAAN KOMUNITI PETALING JAYA